Extracto historial del comercio entre China, Filipinas y Nueva España / (Record no. 24009)

MARC details
000 -CABECERA
campo de control de longitud fija 00811nam a2200217 a 4500
005 - FECHA Y HORA DE LA ÚLTIMA TRANSACCIÓN
campo de control 20210223121810.0
008 - ELEMENTOS DE LONGITUD FIJA--INFORMACIÓN GENERAL
campo de control de longitud fija 991125s1977 mx 000 0 spa u
035 ## - NÚMERO DE CONTROL DEL SISTEMA
Número de control de sistema UPN01000024009
049 ## - COLECCIÓN
Colección CG
050 #4 - SIGNATURA TOPOGRÁFICA DE LA BIBLIOTECA DEL CONGRESO
Número de clasificación HF3235 C6
Número de documento/Ítem A4.4
100 1# - ASIENTO PRINCIPAL--NOMBRE PERSONAL
Nombre de persona Alvarez de Abreu, Antonio
245 10 - MENCIÓN DE TÍTULO
Título Extracto historial del comercio entre China, Filipinas y Nueva España /
Mención de responsabilidad, etc. Antonio Alvarez de Abreu ; introd., notas y arreglo del texto por Carmen Yuste.
260 ## - PUBLICACIÓN, DISTRIBUCIÓN, ETC.
Lugar de publicación, distribución, etc. México :
Nombre del editor, distribuidor, etc. IMCE,
Fecha de publicación, distribución, etc. 1977.
300 ## - DESCRIPCIÓN FÍSICA
Extensión 2 v., [1] h. de láms.
440 #0 - MENCIÓN DE SERIE/ASIENTO SECUNDARIO--TÍTULO
Título Fuentes y estadísticas del comercio exterior de México
500 ## - NOTA GENERAL
Nota general La biblioteca tiene el v.2
651 #4 - ASIENTO SECUNDARIO DE MATERIA - NOMBRE GEOGRAFICO
Nombre geográfico CHINA -
Subdivisión general COMERCIO -
Subdivisión geográfica FILIPINAS
9 (RLIN) 11845
651 #4 - ASIENTO SECUNDARIO DE MATERIA - NOMBRE GEOGRAFICO
Nombre geográfico FILIPINAS, ISLAS -
Subdivisión general COMERCIO -
Subdivisión geográfica CHINA
651 #4 - ASIENTO SECUNDARIO DE MATERIA - NOMBRE GEOGRAFICO
Nombre geográfico MEXICO -
Subdivisión general COMERCIO -
Subdivisión geográfica FILIPINAS
9 (RLIN) 12315
905 ## - TIPO DE MATERIAL
Tipo de material Libro
Holdings
Estado de retiro Estado de pérdida Fuente del sistema de clasificación o colocación Estado dañado No para préstamo Código de colección Localización permanente Ubicación/localización actual Ubicación en estantería Enumeración/cronología de publicación seriada Total de préstamos Clasificación Código de barras Fecha visto por última vez Número de copia Tipo de ítem Koha
    Library of Congress Classification     Colección General Bib. Gregorio Torres Quintero Bib. Gregorio Torres Quintero Planta baja v.2 1 HF3235 C6 A4.4 57685 31/12/2020 1 Libro
    Library of Congress Classification     Colección General Bib. Gregorio Torres Quintero Bib. Gregorio Torres Quintero Planta baja v.2   HF3235 C6 A4.4 57684 31/12/2020 1 Libro
    Library of Congress Classification     Colección General Bib. Gregorio Torres Quintero Bib. Gregorio Torres Quintero Planta baja v.2   HF3235 C6 A4.4 57683 31/12/2020 1 Libro